[Event "EU-ch 25th"]
[Site "Eforie Nord"]
[Date "2025.03.24"]
[Round "9"]
[White "Saraci, Nderim"]
[Black "Ciorgovean, Iustin"]
[Result "1/2-1/2"]
[WhiteElo "2439"]
[BlackElo "2267"]
[PlyCount "186"]
[EventDate "2025.03.15"]
[EventType "swiss"]
[EventRounds "11"]
[EventCountry "ROU"]
[SourceTitle "CB13_2025"]
[SourceDate "2025.03.26"]
[SourceVersion "1"]
[SourceVersionDate "2025.03.26"]
[SourceQuality "1"]

1. Nf3 Nf6 2. g3 d5 3. Bg2 c6 4. 0-0 Bg4 5. h3 Bh5 6. b3 Nbd7 7. Bb2 e6 8. d3 Bc5 9. Nbd2 0-0 10. e4 a5 11. a3 h6 12. Qe2 Be7 13. Rfe1 Qb6 14. a4 Rae8 15. Nf1 Qc7 16. g4 Bg6 17. e5 Nh7 18. Ng3 f6 19. h4 fxe5 20. Nxe5 Nxe5 21. Bxe5 Bd6 22. Bh3 Bxe5 23. Qxe5 Qd8 24. g5 hxg5 25. Bxe6+ Kh8 26. h5 Bf7 27. h6 Qf6 28. Qxf6 Nxf6 29. hxg7+ Kxg7 30. Nf5+ Kg6 31. Bxf7+ Rxf7 32. Nd6 Rxe1+ 33. Rxe1 Rd7 34. Re6 Kg7 35. Kg2 d4 36. Nc4 Nd5 37. Kg3 Nb4 38. Re2 b5 39. Na3 bxa4 40. bxa4 Kf6 41. Nc4 Rd5 42. Nb6 Rd8 43. Kg4 Nd5 44. Nc4 Nb4 45. Nxa5 Ra8 46. Nb3 Rxa4 47. Nc5 Ra5 48. Nd7+ Kf7 49. Re4 Rd5 50. Nb6 Rb5 51. Nc8 Rd5 52. Ne7 Rc5 53. Rxd4 Kxe7 54. Rxb4 Rxc2 55. f3 Rg2+ 56. Kf5 Rg3 57. Ke4 Ke6 58. Rb8 Rg1 59. Re8+ Kf6 60. Rf8+ Ke6 61. Rc8 Rc1 62. d4 Re1+ 63. Kd3 Rd1+ 64. Ke3 Kd6 65. Rg8 Rg1 66. Ke2 Kd5 67. Rd8+ Ke6 68. Ra8 g4 69. Kf2 Rd1 70. fxg4 Rxd4 71. Kf3 Kf6 72. Rh8 c5 73. Rh6+ Kg7 74. Rc6 c4 75. Kg3 Rd5 76. Kh4 Ra5 77. Rc7+ Kg6 78. g5 Ra1 79. Rc6+ Kg7 80. Rxc4 Rh1+ 81. Kg4 Rg1+ 82. Kh5 Rh1+ 83. Rh4 Rxh4+ 84. Kxh4 Kg6 85. Kg4 Kg7 86. Kf5 Kf7 87. g6+ Kg7 88. Kg5 Kg8 89. Kh5 Kg7 90. Kg5 Kg8 91. Kf6 Kf8 92. Kf5 Kg7 93. Kg5 Kg8 1/2-1/2

[Event "EU-ch 25th"]
[Site "Eforie Nord"]
[Date "2025.03.20"]
[Round "6"]
[White "Ciorgovean, Iustin"]
[Black "Davtyan, Artur"]
[Result "1/2-1/2"]
[WhiteElo "2267"]
[BlackElo "2474"]
[PlyCount "87"]
[EventDate "2025.03.15"]
[EventType "swiss"]
[EventRounds "11"]
[EventCountry "ROU"]
[SourceTitle "CB13_2025"]
[SourceDate "2025.03.26"]
[SourceVersion "1"]
[SourceVersionDate "2025.03.26"]
[SourceQuality "1"]

1. e4 e5 2. Nf3 Nc6 3. Bc4 Nf6 4. d3 Be7 5. 0-0 0-0 6. Re1 d6 7. a4 Bg4 8. h3 Bxf3 9. Qxf3 Nd4 10. Qd1 c6 11. Nd2 Ne6 12. Nf3 Qc7 13. Ba2 Rad8 14. c3 Rfe8 15. Bb1 Bf8 16. d4 a5 17. Ng5 Qb6 18. Nxe6 fxe6 19. Re2 exd4 20. cxd4 e5 21. d5 Be7 22. Ra3 Qb4 23. Rc3 Rc8 24. Ba2 cxd5 25. Bxd5+ Kh8 26. Rec2 Rxc3 27. Rxc3 Rf8 28. Rc4 Qb6 29. Be3 Qxb2 30. Rc7 Nxd5 31. Qxd5 Bf6 32. Rxb7 Qa1+ 33. Kh2 Qxa4 34. Qxd6 Rd8 35. Rb8 Qe8 36. Rxd8 Qxd8 37. Qa6 h6 38. Bb6 Qd2 39. Be3 Qb4 40. Qc8+ Kh7 41. Qf5+ Kg8 42. Qe6+ Kh7 43. Qf5+ Kg8 44. Qe6+ 1/2-1/2

[Event "EU-ch 25th"]
[Site "Eforie Nord"]
[Date "2025.03.17"]
[Round "3"]
[White "Csonka, Balazs"]
[Black "Ciorgovean, Iustin"]
[Result "1/2-1/2"]
[WhiteElo "2473"]
[BlackElo "2267"]
[PlyCount "56"]
[EventDate "2025.03.15"]
[EventType "swiss"]
[EventRounds "11"]
[EventCountry "ROU"]
[SourceTitle "CB13_2025"]
[SourceDate "2025.03.26"]
[SourceVersion "1"]
[SourceVersionDate "2025.03.26"]
[SourceQuality "1"]

1. d4 d5 2. c4 c5 3. cxd5 Nf6 4. e4 Nxe4 5. dxc5 Qa5+ 6. Bd2 Nxd2 7. Qxd2 Qxd2+ 8. Nxd2 g6 9. Rc1 Bh6 10. Bb5+ Nd7 11. c6 bxc6 12. dxc6 Nb6 13. c7+ Bd7 14. Ba6 Bc8 15. Bb5+ Bd7 16. Ba6 Bc8 17. Be2 Bb7 18. Bf3 Bxf3 19. Ngxf3 Rc8 20. g3 Bg7 21. Nc4 Nd5 22. 0-0 Rxc7 23. Rfd1 Nc3 24. bxc3 Rxc4 25. Rd5 Rc7 26. c4 0-0 27. Ra5 Rfc8 28. Ra4 h5 1/2-1/2

[Event "Timisoara Foisor Memorial Rapid"]
[Site "Timisoara"]
[Date "2024.08.03"]
[Round "3"]
[White "Ciorgovean, Iustin"]
[Black "Indjic, Aleksandar"]
[Result "0-1"]
[WhiteElo "2277"]
[BlackElo "2610"]
[PlyCount "56"]
[EventDate "2024.08.03"]
[EventType "swiss (rapid)"]
[EventRounds "9"]
[EventCountry "ROU"]
[SourceTitle "CBM 221 Extra"]
[Source "ChessBase"]
[SourceDate "2024.09.30"]
[SourceVersion "1"]
[SourceVersionDate "2024.09.30"]
[SourceQuality "1"]

1. d4 Nf6 2. c4 e6 3. Nc3 d5 4. Nf3 Nbd7 5. cxd5 exd5 6. Bg5 c6 7. Qc2 Be7 8. e3 0-0 9. Bd3 Re8 10. 0-0 h6 11. Bh4 Ne4 12. Bxe4 Bxh4 13. Bh7+ Kh8 14. Bd3 Be7 15. Rae1 Nf6 16. Ne5 Kg8 17. f4 c5 18. Qf2 a6 19. Kh1 b5 20. Nc6 Qb6 21. Nxe7+ Rxe7 22. dxc5 Qxc5 23. e4 Qxf2 24. Rxf2 b4 25. Na4 dxe4 26. Nc5 Bf5 27. Rfe2 Bg4 28. Re3 exd3 0-1

[Event "ROM-ch"]
[Site "Eforie Nord"]
[Date "2024.02.24"]
[Round "1"]
[White "Ciorgovean, Iustin"]
[Black "Cruceru Uceanu, Tudor Mihai"]
[Result "1-0"]
[WhiteElo "2310"]
[BlackElo "1894"]
[PlyCount "141"]
[EventDate "2024.02.24"]
[EventType "swiss"]
[EventRounds "9"]
[EventCountry "ROU"]
[SourceTitle "CBM 219 Extra"]
[Source "ChessBase"]
[SourceDate "2024.05.31"]
[SourceVersion "1"]
[SourceVersionDate "2024.05.31"]
[SourceQuality "1"]

1. e4 e5 2. Nf3 Nc6 3. Bc4 Bc5 4. c3 Nf6 5. d3 a6 6. a4 d6 7. 0-0 Ba7 8. Re1 h6 9. Nbd2 0-0 10. h3 Ne7 11. Bb3 Ng6 12. d4 Re8 13. Bc2 Be6 14. Nf1 c6 15. Ng3 Qd7 16. Be3 Kh7 17. a5 Bb8 18. dxe5 dxe5 19. Qxd7 Nxd7 20. Red1 Bc7 21. Nd2 Rad8 22. Bb3 Ngf8 23. Bc4 g6 24. Bxe6 Nxe6 25. Nc4 f6 26. b4 Ndf8 27. Nf1 Kg7 28. f3 h5 29. Bb6 Rxd1 30. Rxd1 Rd8 31. Rxd8 Bxb6+ 32. axb6 Nxd8 33. Nfd2 Nd7 34. Nb3 Kf8 35. g3 Ke7 36. Kf2 Ke6 37. f4 g5 38. f5+ Ke7 39. Ke2 Nf7 40. Nba5 Nd8 41. Kd3 Nf8 42. Nb3 Nd7 43. Kc2 Nf7 44. Nba5 Nd8 45. Kb2 Nf8 46. Nb3 Nd7 47. Ka3 Nf7 48. Nba5 Nd8 49. Ka4 Nb8 50. Nd2 Nd7 51. Nac4 Nf7 52. Ka5 Nd8 53. Nb2 Nf7 54. c4 Nd6 55. Nd3 Nc8 56. c5 Kf7 57. Nc4 Ke7 58. Ka4 Nb8 59. Na5 Kd7 60. Nxb7 Ke7 61. Nb2 Ke8 62. Nc4 Kd7 63. Nbd6 Ne7 64. Ka5 Ng8 65. b7 Kc7 66. Nb6 h4 67. gxh4 gxh4 68. Na8+ Kd8 69. Kb6 Nh6 70. Ka7 Nd7 71. Nb6 1-0

[Event "Sebes GP op"]
[Site "Sebes"]
[Date "2023.11.05"]
[Round "8"]
[White "Chigaev, Maksim"]
[Black "Ciorgovean, Iustin"]
[Result "1-0"]
[WhiteElo "2626"]
[BlackElo "2323"]
[PlyCount "60"]
[EventDate "2023.11.04"]
[EventType "swiss"]
[EventRounds "10"]
[EventCountry "ROU"]
[SourceTitle "CBM 217 Extra"]
[Source "ChessBase"]
[SourceDate "2024.01.31"]
[SourceVersion "1"]
[SourceVersionDate "2024.01.31"]
[SourceQuality "1"]

1. e4 c5 2. Nf3 d6 3. d4 cxd4 4. Nxd4 Nf6 5. Nc3 a6 6. Be3 e5 7. Nf3 Be7 8. Bc4 0-0 9. 0-0 Nc6 10. Bb3 Na5 11. Qe2 b5 12. Rfd1 Qc7 13. Bg5 Nxb3 14. axb3 Bb7 15. Bxf6 Bxf6 16. Nd5 Qd8 17. Rd3 Bg5 18. Rad1 f5 19. exf5 Rxf5 20. c4 Qf8 21. Nxg5 Rxg5 22. Rf3 Qe8 23. h4 Rg6 24. Rf5 Kh8 25. h5 Re6 26. Ne3 Rc8 27. Qg4 bxc4 28. bxc4 a5 29. Rg5 Rc7 30. Nf5 Rf6 1-0

[Event "Brasov GP RO"]
[Site "Brasov"]
[Date "2023.07.17"]
[Round "3"]
[White "Rosca, Vasile Benone"]
[Black "Ciorgovean, Iustin"]
[Result "0-1"]
[WhiteElo "1951"]
[BlackElo "2305"]
[PlyCount "74"]
[EventDate "2023.07.16"]
[EventType "swiss"]
[EventRounds "9"]
[EventCountry "ROU"]
[SourceTitle "CBM 215 Extra"]
[Source "ChessBase"]
[SourceDate "2023.09.30"]
[SourceVersion "1"]
[SourceVersionDate "2023.09.30"]
[SourceQuality "1"]

1. Nf3 Nf6 2. d4 g6 3. c4 Bg7 4. Nc3 0-0 5. g3 d6 6. Bg2 Nc6 7. 0-0 e5 8. d5 Nb8 9. e4 a5 10. Ne1 Na6 11. Nd3 Nd7 12. Be3 f5 13. Qd2 b6 14. Nb5 Ndc5 15. Nxc5 Nxc5 16. Bg5 Qd7 17. Nc3 f4 18. gxf4 h6 19. fxe5 hxg5 20. e6 Qe7 21. f4 gxf4 22. Rxf4 Ba6 23. Rg4 Kh7 24. e5 Bxe5 25. Be4 Nxe4 26. Nxe4 Rf5 27. Rc1 Raf8 28. Qg2 Qg7 29. b3 Qh6 30. Re1 Rh5 31. h3 Kg7 32. Ng5 Bc8 33. Rf1 Rxf1+ 34. Qxf1 Bf6 35. e7 Qh8 36. Ne6+ Bxe6 37. dxe6 Qe8 0-1

[Event "Titled Tuesday intern op 13th Jun Early"]
[Site "Chess.com INT"]
[Date "2023.06.13"]
[Round "4"]
[White "Ciorgovean, Iustin"]
[Black "Yonal, Timur"]
[Result "1-0"]
[WhiteElo "2305"]
[BlackElo "2042"]
[PlyCount "131"]
[EventDate "2023.06.13"]
[EventType "swiss (blitz)"]
[EventRounds "11"]
[EventCountry "USA"]
[SourceTitle "EXT 2024"]
[Source "ChessBase"]
[SourceDate "2023.10.10"]
[SourceVersion "1"]
[SourceVersionDate "2023.10.10"]
[SourceQuality "1"]

1. e4 c5 2. Nf3 d6 3. Bc4 Nf6 4. d3 e6 5. 0-0 Be7 6. Bb3 0-0 7. c3 a6 8. Re1 Nc6 9. Nbd2 b5 10. Nf1 Bb7 11. Ng3 d5 12. e5 Nd7 13. d4 cxd4 14. cxd4 Re8 15. Bf4 Rc8 16. Rc1 Qb6 17. h4 a5 18. Bc2 Nf8 19. Bb1 a4 20. Bg5 Bb4 21. Re2 h6 22. Be3 a3 23. b3 Be7 24. Rec2 Nb4 25. Rxc8 Rxc8 26. Rxc8 Bxc8 27. h5 Qc7 28. Qc1 Qxc1+ 29. Bxc1 Na6 30. Ne2 Nd7 31. Nc3 b4 32. Na4 Bb7 33. Bd3 Nab8 34. Ne1 Bc6 35. f4 Kf8 36. Kf1 Ke8 37. Ke2 Kd8 38. Nc2 Bxa4 39. bxa4 Nc6 40. Bb5 Kc7 41. Bd2 b3 42. axb3 a2 43. Bc3 Bb4 44. Bb2 Na5 45. Bxd7 Kxd7 46. Nxb4 Nxb3 47. Nc2 Kc7 48. Kd3 Kb6 49. Kc3 Na5 50. Nb4 Nc4 51. Nxa2 Ka5 52. Bc1 Kxa4 53. Nb4 Nb6 54. Nc6 Nc4 55. Nd8 Nb6 56. Nxf7 Nc4 57. Nd8 Nb6 58. Nxe6 Nc4 59. Nxg7 Nb6 60. Nf5 Nc4 61. Nxh6 Nb6 62. f5 Nc4 63. f6 Nb6 64. f7 Nc4 65. f8Q Nb6 66. Qb4# 1-0

[Event "Bucharest Grand Prix"]
[Site "Bucharest"]
[Date "2023.04.30"]
[Round "7"]
[White "Ciorgovean, Iustin"]
[Black "Baranciuc, Alexandr"]
[Result "0-1"]
[WhiteElo "2305"]
[BlackElo "2223"]
[PlyCount "123"]
[EventDate "2023.04.29"]
[EventType "swiss (rapid)"]
[EventRounds "10"]
[EventCountry "ROU"]
[SourceTitle "CBM 213 Extra"]
[Source "ChessBase"]
[SourceDate "2023.05.31"]
[SourceVersion "1"]
[SourceVersionDate "2023.05.31"]
[SourceQuality "1"]

1. d4 d5 2. c4 e6 3. Nc3 Nf6 4. cxd5 exd5 5. Bg5 c6 6. e3 Bd6 7. Bd3 0-0 8. Qc2 h6 9. Bh4 Re8 10. Nge2 Nbd7 11. h3 Be7 12. Bg3 Nf8 13. 0-0 a5 14. f3 Nh5 15. Bf2 Bh4 16. e4 dxe4 17. fxe4 Ne6 18. g3 Qg5 19. Kh2 Nxd4 20. Nxd4 Bxg3+ 21. Bxg3 Qxg3+ 22. Kh1 Qxh3+ 23. Kg1 Ng3 24. Rfe1 Qh1+ 25. Kf2 Qh2+ 26. Kf3 Qh3 27. Qg2 Nxe4+ 28. Qxh3 Ng5+ 29. Kg3 Bxh3 30. Ne4 Red8 31. Nxg5 hxg5 32. Re4 Be6 33. Bc2 Bd5 34. Re7 b5 35. Rae1 a4 36. a3 Kf8 37. Nf5 g6 38. Nh6 Re8 39. Rxe8+ Rxe8 40. Rxe8+ Kxe8 41. Kg4 c5 42. Kxg5 Bb3 43. Bd3 b4 44. Ng4 c4 45. Bb1 c3 46. bxc3 bxa3 47. Ne3 a2 48. Bxa2 Bxa2 49. Nc2 Bb3 50. Na3 Ke7 51. Kf4 Ke6 52. Ke4 g5 53. Nb5 f5+ 54. Ke3 Ke5 55. Nd4 g4 56. Nc6+ Kd6 57. Nd4 Ke5 58. Nc6+ Kd5 59. Nd4 Kc4 60. Nxf5 a3 61. Nd6+ Kxc3 62. Ne4+ 0-1

[Event "Bucharest Grand Prix"]
[Site "Bucharest"]
[Date "2023.04.30"]
[Round "5"]
[White "Lupulescu, Constantin"]
[Black "Ciorgovean, Iustin"]
[Result "1-0"]
[WhiteElo "2582"]
[BlackElo "2305"]
[PlyCount "105"]
[EventDate "2023.04.29"]
[EventType "swiss (rapid)"]
[EventRounds "10"]
[EventCountry "ROU"]
[SourceTitle "CBM 213 Extra"]
[Source "ChessBase"]
[SourceDate "2023.05.31"]
[SourceVersion "1"]
[SourceVersionDate "2023.05.31"]
[SourceQuality "1"]

1. d4 Nf6 2. c4 e6 3. Nc3 Bb4 4. e3 0-0 5. Bd3 d5 6. a3 Bxc3+ 7. bxc3 dxc4 8. Bxc4 c5 9. Nf3 Qc7 10. Be2 Nbd7 11. Bb2 e5 12. 0-0 Re8 13. Qb3 h6 14. Rfd1 e4 15. Nd2 Nf8 16. Nf1 Bg4 17. Bxg4 Nxg4 18. c4 f5 19. h3 Nf6 20. d5 N8d7 21. Ng3 g6 22. Ne2 Kf7 23. Nf4 Qb6 24. Qc2 Qd6 25. Rab1 b6 26. a4 g5 27. Ne6 Nf8 28. Nxf8 Rxf8 29. a5 Kg6 30. Qa4 Rfc8 31. Ra1 Rab8 32. axb6 axb6 33. Bxf6 Kxf6 34. Qb5 Rb7 35. Ra6 Kg6 36. Rda1 Rf8 37. Ra8 Rff7 38. Rg8+ Rg7 39. Re8 Rbe7 40. Ra6 Rxe8 41. Rxb6 Rd8 42. Qxc5 Rgd7 43. Rxd6+ Rxd6 44. Qd4 h5 45. g4 hxg4 46. hxg4 R8d7 47. Kg2 Rf6 48. c5 Rdf7 49. d6 fxg4 50. Qxe4+ Kh5 51. Qc2 Re6 52. c6 Rxd6 53. c7 1-0

[Event "Bucharest Grand Prix"]
[Site "Bucharest"]
[Date "2023.04.29"]
[Round "4"]
[White "Ciorgovean, Iustin"]
[Black "Nanu, Ciprian Costica"]
[Result "1-0"]
[WhiteElo "2305"]
[BlackElo "2524"]
[PlyCount "109"]
[EventDate "2023.04.29"]
[EventType "swiss (rapid)"]
[EventRounds "10"]
[EventCountry "ROU"]
[SourceTitle "CBM 213 Extra"]
[Source "ChessBase"]
[SourceDate "2023.05.31"]
[SourceVersion "1"]
[SourceVersionDate "2023.05.31"]
[SourceQuality "1"]

1. d4 d5 2. c4 dxc4 3. e3 Nf6 4. Bxc4 e6 5. Nf3 c5 6. 0-0 a6 7. b3 cxd4 8. Nxd4 Bd6 9. Bb2 0-0 10. Nd2 e5 11. N4f3 Nc6 12. Be2 e4 13. Bxf6 gxf6 14. Nxe4 Be5 15. Qxd8 Rxd8 16. Nxe5 fxe5 17. Rfd1 Bf5 18. Nd6 Bc2 19. Rd2 Bg6 20. Rad1 Rd7 21. Bf3 Rad8 22. Bxc6 bxc6 23. Kf1 f6 24. Ke1 Kf8 25. Nb7 Rxd2 26. Rxd2 Ra8 27. Rd8+ Rxd8 28. Nxd8 Bb1 29. Kd2 Ke8 30. Nb7 Kd7 31. Kc1 Bf5 32. Nc5+ Kd6 33. Nxa6 c5 34. b4 cxb4 35. Kd2 Be4 36. f3 Bb7 37. Nxb4 h5 38. h4 f5 39. Kc3 e4 40. f4 Kc5 41. g3 Bc8 42. Nc2 Ba6 43. Nd4 Bc8 44. a3 Bd7 45. Nb3+ Kb5 46. Kd4 Be6 47. Nc5 Bc8 48. Kd5 Kb6 49. Kd6 Kb5 50. a4+ Kb6 51. Kd5 Ka5 52. Kc6 Kb4 53. Kb6 Kc3 54. a5 Kc4 55. Kc7 1-0

[Event "Titled Tuesday intern op 18th Apr Early"]
[Site "Chess.com INT"]
[Date "2023.04.18"]
[Round "10"]
[White "De Andrade, Dalson Holanda Cav"]
[Black "Ciorgovean, Iustin"]
[Result "1-0"]
[WhiteElo "1866"]
[BlackElo "2305"]
[PlyCount "109"]
[EventDate "2023.04.18"]
[EventType "swiss (blitz)"]
[EventRounds "11"]
[EventCountry "USA"]
[SourceTitle "EXT 2024"]
[Source "ChessBase"]
[SourceDate "2023.10.10"]
[SourceVersion "1"]
[SourceVersionDate "2023.10.10"]
[SourceQuality "1"]

1. d4 Nf6 2. c4 c6 3. Nf3 d5 4. cxd5 cxd5 5. Nc3 Nc6 6. Bg5 Ne4 7. Bd2 Nxd2 8. Qxd2 e6 9. e3 Bd7 10. Bd3 g6 11. 0-0 Bg7 12. Rfc1 0-0 13. Rab1 Qe7 14. a3 Rfc8 15. b4 Be8 16. h3 Qd8 17. Bb5 a6 18. Bd3 e5 19. dxe5 Nxe5 20. Nxe5 Bxe5 21. Ne2 Qf6 22. Bc2 Bb5 23. Nd4 Bc4 24. Nf3 Bc7 25. Bd3 b5 26. Bxc4 dxc4 27. Qd4 Qe7 28. Rd1 Rd8 29. Qc3 Rxd1+ 30. Rxd1 Rd8 31. Qc2 Bb6 32. Rxd8+ Qxd8 33. Kf1 Qd5 34. Ke2 f5 35. Nd2 Qxg2 36. Nxc4 bxc4 37. Qxc4+ Kg7 38. Qxa6 Qc6 39. b5 Qc2+ 40. Kf3 Qe4+ 41. Ke2 Qe6 42. a4 Qc4+ 43. Kf3 Qd5+ 44. Ke2 f4 45. Qxb6 f3+ 46. Ke1 Qa2 47. Qd4+ Kh6 48. Qf4+ Kg7 49. Qxf3 Qb1+ 50. Qd1 Qb4+ 51. Ke2 Qc4+ 52. Qd3 Qa2+ 53. Kf3 Qxa4 54. Qd4+ Qxd4 55. exd4 1-0

[Event "Titled Tuesday intern op 18th Apr Early"]
[Site "Chess.com INT"]
[Date "2023.04.18"]
[Round "9"]
[White "Hartikainen, Jarmo"]
[Black "Ciorgovean, Iustin"]
[Result "1-0"]
[WhiteElo "2108"]
[BlackElo "2305"]
[PlyCount "43"]
[EventDate "2023.04.18"]
[EventType "swiss (blitz)"]
[EventRounds "11"]
[EventCountry "USA"]
[SourceTitle "EXT 2024"]
[Source "ChessBase"]
[SourceDate "2023.10.10"]
[SourceVersion "1"]
[SourceVersionDate "2023.10.10"]
[SourceQuality "1"]

1. e4 c6 2. d4 d5 3. Nc3 dxe4 4. Nxe4 Bf5 5. Ng3 Bg6 6. h4 h6 7. Bc4 Nd7 8. N1e2 Ngf6 9. Nf4 Bh7 10. 0-0 e5 11. Re1 Qc7 12. dxe5 Nxe5 13. Nfh5 Bd6 14. Nxg7+ Kf8 15. N7f5 Nxc4 16. Bxh6+ Kg8 17. Nh5 Nxh5 18. Qxh5 Bxf5 19. Qxf5 Rxh6 20. Re4 Ne5 21. Rae1 Rf8 22. h5 1-0

[Event "EU-ch 23rd"]
[Site "Vrnjacka Banja"]
[Date "2023.03.09"]
[Round "7"]
[White "Ciorgovean, Iustin"]
[Black "Manukyan, Sargis A"]
[Result "1-0"]
[WhiteElo "2325"]
[BlackElo "2163"]
[PlyCount "61"]
[EventDate "2023.03.03"]
[EventType "swiss"]
[EventRounds "11"]
[EventCountry "SRB"]
[SourceTitle "CBM 213"]
[Source "ChessBase"]
[SourceDate "2023.04.30"]
[SourceVersion "1"]
[SourceVersionDate "2023.04.30"]
[SourceQuality "1"]

1. d4 d5 2. c4 dxc4 3. Nf3 a6 4. e3 Bg4 5. Bxc4 e6 6. Nc3 Nf6 7. h3 Bh5 8. g4 Bg6 9. Ne5 Nc6 10. Nxg6 hxg6 11. Bf1 e5 12. d5 Na7 13. Bg2 Bd6 14. Qb3 b5 15. Bd2 0-0 16. 0-0-0 a5 17. Kb1 a4 18. Qc2 b4 19. Nxa4 Nb5 20. Bf1 Ra5 21. Bxb5 Rxb5 22. e4 b3 23. axb3 Qb8 24. Ka2 Qb7 25. Rhe1 Ra8 26. f3 Nd7 27. Be3 Nc5 28. Bxc5 Bxc5 29. Re2 Bd4 30. Rdd2 g5 31. Rd3 1-0

[Event "EU-ch 23rd"]
[Site "Vrnjacka Banja"]
[Date "2023.03.05"]
[Round "3"]
[White "Ciorgovean, Iustin"]
[Black "Van Foreest, Lucas"]
[Result "1/2-1/2"]
[WhiteElo "2325"]
[BlackElo "2570"]
[PlyCount "65"]
[EventDate "2023.03.03"]
[EventType "swiss"]
[EventRounds "11"]
[EventCountry "SRB"]
[SourceTitle "CBM 213"]
[Source "ChessBase"]
[SourceDate "2023.04.30"]
[SourceVersion "1"]
[SourceVersionDate "2023.04.30"]
[SourceQuality "1"]

1. d4 Nf6 2. c4 c6 3. Nf3 d5 4. e3 Bg4 5. h3 Bh5 6. g4 Bg6 7. Ne5 Nbd7 8. Nxg6 hxg6 9. cxd5 cxd5 10. Nc3 e6 11. g5 Ne4 12. Nxe4 dxe4 13. h4 Bb4+ 14. Bd2 Qa5 15. Bxb4 Qxb4+ 16. Qd2 Qxd2+ 17. Kxd2 f5 18. gxf6 gxf6 19. Bg2 f5 20. f3 exf3 21. Bxf3 0-0-0 22. Rag1 Rh6 23. Ke2 Rdh8 24. Rg5 e5 25. dxe5 Nxe5 26. h5 Nxf3 27. Kxf3 gxh5 28. Rh4 Rc6 29. Rhxh5 Rxh5 30. Rxh5 Rc2 31. Rxf5 Rxb2 32. Ra5 a6 33. Ke4 1/2-1/2

[Event "ROM-ch"]
[Site "Sebes"]
[Date "2023.02.19"]
[Round "1"]
[White "Ciorgovean, Iustin"]
[Black "Tudoroiu, Razvan Catalin"]
[Result "1-0"]
[WhiteElo "2319"]
[BlackElo "1909"]
[PlyCount "131"]
[EventDate "2023.02.19"]
[EventType "swiss"]
[EventRounds "9"]
[EventCountry "ROU"]
[SourceTitle "CBM 212 Extra"]
[Source "ChessBase"]
[SourceDate "2023.03.31"]
[SourceVersion "1"]
[SourceVersionDate "2023.03.31"]
[SourceQuality "1"]

1. d4 Nf6 2. c4 g6 3. Nc3 Bg7 4. e4 d6 5. Nf3 0-0 6. Be2 Nbd7 7. 0-0 e5 8. Be3 Qe7 9. Qc2 c6 10. d5 c5 11. Bg5 h6 12. Bd2 Nh7 13. g3 Ndf6 14. Nh4 Ng5 15. f3 Nh5 16. Kh1 Nh3 17. Ng2 Nf6 18. Rae1 a6 19. a3 Bd7 20. b4 b6 21. Bd3 Rac8 22. Rb1 Rb8 23. Be3 Rfc8 24. Rb2 Qd8 25. Rfb1 a5 26. bxa5 bxa5 27. Rb7 Bf8 28. R1b2 Rxb7 29. Rxb7 Kg7 30. Qb2 Ra8 31. Qb6 Qxb6 32. Rxb6 Be7 33. Bc2 Ng5 34. Ne1 Ra7 35. Nb5 Bxb5 36. Rxb5 Bd8 37. Kg2 Bc7 38. Nd3 Nd7 39. Nb2 f6 40. Na4 Nf7 41. Kf2 Kf8 42. Ke2 Ke7 43. Rb1 Bd8 44. Bd3 Bc7 45. Nc3 Bb6 46. h4 Bd8 47. Bd2 Ke8 48. h5 g5 49. g4 Nb6 50. Nd1 Nc8 51. Bc2 Bc7 52. Ba4+ Kd8 53. Kd3 Nh8 54. Ne3 Ne7 55. Kc2 Nf7 56. Bc3 Kc8 57. Be8 Nd8 58. Kb3 Bb6 59. Ka4 Kc7 60. Bd2 Ra6 61. Nd1 Nc8 62. Nc3 Ra8 63. Nb5+ Kb7 64. Bd7 Na7 65. Nxd6+ Kc7 66. Nf5 1-0